Problems and solutions in theoretical statistics / (Record no. 54424)
[ view plain ]
| 000 -LEADER | |
|---|---|
| fixed length control field | 00798nam a2200253 a 4500 |
| 001 - CONTROL NUMBER | |
| control field | 54424 |
| 003 - CONTROL NUMBER IDENTIFIER | |
| rucl marc code | BD-RjUL |
| 005 - DATE AND TIME OF LATEST TRANSACTION | |
| control field | 20211209080122.0 |
| 008 - FIXED-LENGTH DATA ELEMENTS--GENERAL INFORMATION | |
| fixed length control field | 161106r19861980enk b 001 0 eng d |
| 020 ## - INTERNATIONAL STANDARD BOOK NUMBER | |
| International Standard Book Number | 041215370X |
| 035 ## - SYSTEM CONTROL NUMBER | |
| System control number | (BD-RjUL)54546 |
| 040 ## - CATALOGING SOURCE | |
| Original cataloging agency | BD-RjUL |
| Language of cataloging | eng |
| Transcribing agency | BD-RjUL |
| 041 ## - LANGUAGE CODE | |
| Language code of text/sound track or separate title | eng |
| 082 ## - DEWEY DECIMAL CLASSIFICATION NUMBER | |
| Classification number | 519.5 |
| Edition number | 23 |
| Author mark and year | COP 1986 |
| 090 ## - LOCALLY ASSIGNED LC-TYPE CALL NUMBER (OCLC); LOCAL CALL NUMBER (OCLC) | |
| Classification number (OCLC) (R) ; Classification number, CALL (RLIN) (NR) | HA29.COX |
| 100 1# - MAIN ENTRY--PERSONAL NAME | |
| Personal name | Cox, D. R. |
| Fuller form of name | (David Roxbee) |
| 9 (RLIN) | 154564 |
| 245 10 - TITLE STATEMENT | |
| Title | Problems and solutions in theoretical statistics / |
| Statement of responsibility, etc. | D.R. Cox, D.V. Hinkley. |
| 260 ## - PUBLICATION, DISTRIBUTION, ETC. (IMPRINT) | |
| Place of publication, distribution, etc. | London : |
| Name of publisher, distributor, etc. | Chapman and Hall, |
| Date of publication, distribution, etc. | 1978 [Reprint 1986]. |
| 300 ## - PHYSICAL DESCRIPTION | |
| Pagination | iv, 193 p. ; |
| Size | 24 cm. |
| 504 ## - BIBLIOGRAPHY, ETC. NOTE | |
| Bibliography, etc | Includes Bibliographical References and Index |
| 650 #0 - SUBJECT ADDED ENTRY--TOPICAL TERM | |
| Topical term or geographic name as entry element | Mathematical statistics |
| General subdivision | Problems, exercises, etc. |
| 9 (RLIN) | 118592 |
| 700 1# - ADDED ENTRY--PERSONAL NAME | |
| Personal name | Hinkley, D. V. |
| 942 ## - ADDED ENTRY ELEMENTS (KOHA) | |
| Source of classification or shelving scheme | Dewey Decimal Classification |
| Koha item type | Books |
| Lost status | Source of classification or shelving scheme | Damaged status | Not for loan | Collection code | Permanent Location | Current Location | Shelving location | Date acquired | Source of acquisition | Total Checkouts | Full call number | Date last seen | Copy number | Koha item type | Cost, normal purchase price |
|---|---|---|---|---|---|---|---|---|---|---|---|---|---|---|---|
| Dewey Decimal Classification | Non-fiction | Central Library, University of Rajshahi | Central Library, University of Rajshahi | 14/09/2008 | Authority, R.U.C.L | 519.5 COP 1986 | 06/11/2016 | C-2 | Books | ||||||
| Dewey Decimal Classification | Non-fiction | Central Library, University of Rajshahi | Central Library, University of Rajshahi | 14/09/2008 | Authority, R.U.C.L | 519.5 COP 1986 | 06/11/2016 | C-3 | Books | ||||||
| Dewey Decimal Classification | Not For Loan | Non-fiction | Central Library, University of Rajshahi | Central Library, University of Rajshahi | Reading Room | 06/10/1982 | Heffer | 519.5 COP 1986 | 18/03/2017 | C-1 | Books | 6.50 |